اكتمل التصدير — 

Sổ tay kỹ thuật tin học NC Norton Commander

محفوظ في:
التفاصيل البيبلوغرافية
المؤلف الرئيسي: Sổ tay kỹ thuật tin học NC Norton Commander
التنسيق: كتاب
اللغة:Undetermined
منشور في: Thống kê 2001
الوسوم: إضافة وسم
لا توجد وسوم, كن أول من يضع وسما على هذه التسجيلة!
Thư viện lưu trữ: Trung tâm Học liệu Trường Đại học Cần Thơ
LEADER 00529nam a2200145Ia 4500
001 CTU_49033
008 210402s9999 xx 000 0 und d
082 |a 005.3 
082 |b S450 
100 |a Sổ tay kỹ thuật tin học NC Norton Commander 
245 0 |a Sổ tay kỹ thuật tin học NC Norton Commander 
245 0 |c Sổ tay kỹ thuật tin học NC Norton Commander, VN GUIDE; Dịch giả: VN-Guide 
260 |b Thống kê 
260 |c 2001 
980 |a Trung tâm Học liệu Trường Đại học Cần Thơ